000 02932nam a2200721 cc4500
001 1325610194
003 DE-101
005 20251007124116.0
007 tu
008 240409s2025 gw ||||| |||| 00||||ger
015 _a24,N16
_2dnb
016 7 _2DE-101
_a1325610194
020 _a9783551804075
_cBroschur : EUR 8.00 (DE), EUR 8.30 (AT), CHF 11.90 (freier Preis)
020 _a3551804079
024 3 _a9783551804075
035 _a(DE-599)DNB1325610194
035 _a(OCoLC)1430353119
040 _a1245
_bger
_cDE-101
_d9999
_erda
041 _ager
_hjpn
044 _cXA-DE-HH
082 7 4 _a741.5
_qDE-101
_223sdnb
100 1 _0(DE-588)1301165735
_0https://d-nb.info/gnd/1301165735
_0(DE-101)1301165735
_aYuno, Ichika
_eVerfasser
_4aut
_2gnd
245 1 0 _aLullaby of the dawn
_n5
_cIchika Yuno ; aus dem Japanischen von Anne Klink
250 _a1. Aufl.
264 3 1 _aHamburg
_bHAYABUSA
_c2025
300 _a186 Seiten
_c163 g
336 _aText
_btxt
_2rdacontent
336 _aunbewegtes Bild
_bsti
_2rdacontent
337 _aohne Hilfsmittel zu benutzen
_bn
_2rdamedia
338 _aBand
_bnc
_2rdacarrier
653 _a(Produktform)Paperback / softback
653 _a(Zielgruppe)ab 18 bis 99 Jahre
653 _a(BISAC Subject Heading)CGN004210
653 _a(Produktform (spezifisch))Paperback (DE)
653 _a(Produktform (spezifisch))Unflipped manga format
653 _a(BISAC Subject Heading)CGN004030: COMICS & GRAPHIC NOVELS / Fantasy
653 _a(BISAC Subject Heading)CGN004300: COMICS & GRAPHIC NOVELS / Manga / Isekai
653 _ayaoi mange deutsch
653 _ayaoi manga deutsch 16
653 _ahayabusa manga yaoi
653 _aSNS Card
653 _aboys love
653 _aboys love serie
653 _aboys love fantasy
653 _aFantasy Manga
653 _amanga buch
653 _aManga ab 16
653 _aManga für Frauen
653 _aManga Romance Yaoi
653 _aBL Manga
653 _aSchwule Manga
653 _ajapanische leserichtung
653 _a(BISAC Subject Heading)CGN004210: COMICS & GRAPHIC NOVELS / Manga / Yaoi
653 _a(VLB-WN)1182: Hardcover, Softcover / Belletristik/Comic, Cartoon, Humor, Satire/Manga, Manhwa
653 _a(BISAC Subject Heading)CGN004030
655 7 _0(DE-588)4010427-8
_0https://d-nb.info/gnd/4010427-8
_0(DE-101)040104273
_aComic
_2gnd-content
773 0 8 _q15
_w(DE-101)1301165840
776 0 8 _iErscheint auch als
_nOnline-Ausgabe
_aYuno, Ichika
_tLullaby of the Dawn 5
_dHamburg : Hayabusa, 2025
_hOnline-Ressource, 194 Seiten, Mit Schwarz-Weiß-Zeichnungen
_w(DE-101)1357987382
_b1. Auflage
856 4 2 _mX:MVB
_qtext/html
_uhttp://deposit.dnb.de/cgi-bin/dokserv?id=9ef9af23116c4357904b28896c879ae7&prov=M&dok_var=1&dok_ext=htm
_3Inhaltstext
856 4 2 _mB:DE-101
_qapplication/pdf
_uhttps://d-nb.info/1325610194/04
_3Inhaltsverzeichnis
942 _2ddc
_cMGA
_n0
999 _c1387
_d1387